Optimization of radio interface in GSM networks = Optimalizácia rádiového rozhrania c GSM sieti

Salvato in:
Dettagli Bibliografici
Autore principale: Zumrawi, Khalid (Autore)
Altri autori: Szilágyi, František (Relatore della tesi)
Natura: Manoscritto Libro
Lingua:inglese
Pubblicazione: Bratislava : STU v Bratislave FEI, 2001
Soggetti:
Tags: Aggiungi Tag
Nessun Tag, puoi essere il primo ad aggiungerne!!

MARC

LEADER 00000ntm a22000003a 4500
001 stu58744
005 20160719164829.2
008 010718s2001------------------------eng-d
040 |a STU  |b slo 
041 0 |a eng 
100 1 |a Zumrawi, Khalid  |4 aut 
245 1 |a Optimization of radio interface in GSM networks = Optimalizácia rádiového rozhrania c GSM sieti 
260 |a Bratislava :  |b STU v Bratislave FEI,  |c 2001 
300 |a 27 s 
650 7 |a Telekomunikácie  |2 stusub 
700 1 |a Szilágyi, František  |4 ths